00289nam a2200121Ia 4500008004100000041000800041100002000049245003400069260002300103300000800126520002500134650000800159230818s1988 xx 000 0 und d aeng aMinistry of Law aPayment of Gratuity Act. 1972 bS.L. Dwivedic1988 a12p aGeneral | Hard Board aLaw